<?xml version="1.0" encoding="UTF-8"?><marc:collection xmlns:marc="http://www.loc.gov/MARC21/slim">
  <marc:record>
    <marc:leader>00000nam##2200000za#4500</marc:leader>
    <marc:controlfield tag="001">9.602249</marc:controlfield>
    <marc:controlfield tag="003">CaOODSP</marc:controlfield>
    <marc:controlfield tag="005">20220328113245</marc:controlfield>
    <marc:controlfield tag="007">cr |||||||||||</marc:controlfield>
    <marc:controlfield tag="008">150406|1995||||xxc|||||o    f|0| 0 fre|d</marc:controlfield>
    <marc:datafield tag="040" ind1=" " ind2=" ">
      <marc:subfield code="a">CaOODSP</marc:subfield>
      <marc:subfield code="b">fre</marc:subfield>
    </marc:datafield>
    <marc:datafield tag="043" ind1=" " ind2=" ">
      <marc:subfield code="a">n-cn---</marc:subfield>
    </marc:datafield>
    <marc:datafield tag="086" ind1="1" ind2=" ">
      <marc:subfield code="a">C2-280/1-1995F-PDF</marc:subfield>
    </marc:datafield>
    <marc:datafield tag="110" ind1="1" ind2=" ">
      <marc:subfield code="a">Canada. </marc:subfield>
      <marc:subfield code="b">Industrie Canada.</marc:subfield>
    </marc:datafield>
    <marc:datafield tag="245" ind1="1" ind2="0">
      <marc:subfield code="a">Les transformations en société fermée</marc:subfield>
      <marc:subfield code="h">[ressource électronique]</marc:subfield>
    </marc:datafield>
    <marc:datafield tag="260" ind1=" " ind2=" ">
      <marc:subfield code="a">Ottawa - Ontario : </marc:subfield>
      <marc:subfield code="b">Industrie Canada </marc:subfield>
      <marc:subfield code="c">Août 1995.</marc:subfield>
    </marc:datafield>
    <marc:datafield tag="300" ind1=" " ind2=" ">
      <marc:subfield code="a">64p.</marc:subfield>
      <marc:subfield code="b">glossaire, références</marc:subfield>
    </marc:datafield>
    <marc:datafield tag="490" ind1="1" ind2=" ">
      <marc:subfield code="a">La Loi canadienne sur les sociétés par actions</marc:subfield>
    </marc:datafield>
    <marc:datafield tag="500" ind1=" " ind2=" ">
      <marc:subfield code="a">«L'expression «transformation en société fermée» (TSF) est une expression générique qui s'applique à différentes opérations de sociétés ayant pour résultat la suppression, moyennant compensation, de la participation d'un actionnaire, mais sans le consentement de celui-ci et sans substitution d'un droit équivalent dans une valeur mobilière participante. Bien qu'aujourd'hui pratique courante dans les sociétés, les TSF font l'objet d'un traitement plus que sommaire dans la Loi canadienne sur les sociétés par actions (LCSA). D'où une certaine confusion sur le marché. Le présent document examine les TSF, les régimes législatifs parallèles et les aspects susceptibles de faire l'objet d'une réforme.»--Introduction.</marc:subfield>
    </marc:datafield>
    <marc:datafield tag="520" ind1="3" ind2=" ">
      <marc:subfield code="a">L'expression transformation en société fermée (TSF) est une expression générique qui s'applique à différentes opérations de sociétés ayant pour résultat la suppression, moyennant compensation, de la participation d'un actionnaire, mais sans le consentement de celui-ci et sans substitution d'un droit équivalent dans une valeur mobilière participante. Bien qu'aujourd'hui pratique courante dans les sociétés, les TSF font l'objet d'un traitement plus que sommaire dans la Loi canadienne sur les sociétés par actions (LCSA). D'où une certaine confusion sur le marché. Le présent document examine les TSF, les régimes législatifs parallèles et les aspects susceptibles de faire l'objet d'une réforme.--Introduction</marc:subfield>
    </marc:datafield>
    <marc:datafield tag="590" ind1=" " ind2=" ">
      <marc:subfield code="a">11-24-Supp</marc:subfield>
      <marc:subfield code="b">2011-10-24</marc:subfield>
    </marc:datafield>
    <marc:datafield tag="691" ind1="0" ind2="7">
      <marc:subfield code="a">Sociétés</marc:subfield>
      <marc:subfield code="2">gcpds</marc:subfield>
    </marc:datafield>
    <marc:datafield tag="775" ind1="0" ind2="8">
      <marc:subfield code="t">Going-private transactions</marc:subfield>
      <marc:subfield code="w">(CaOODSP)9.571827</marc:subfield>
    </marc:datafield>
    <marc:datafield tag="776" ind1="0" ind2="#">
      <marc:subfield code="t">Les transformations en société fermée</marc:subfield>
      <marc:subfield code="w">(CaOODSP)9.623498</marc:subfield>
    </marc:datafield>
    <marc:datafield tag="830" ind1="#" ind2="0">
      <marc:subfield code="a">La Loi canadienne sur les sociétés par actions.</marc:subfield>
      <marc:subfield code="w">(CaOODSP)9.502894</marc:subfield>
    </marc:datafield>
    <marc:datafield tag="856" ind1="4" ind2="0">
      <marc:subfield code="a">http://publications.gc.ca</marc:subfield>
      <marc:subfield code="q">PDF</marc:subfield>
      <marc:subfield code="s">165 Ko</marc:subfield>
      <marc:subfield code="u">https://publications.gc.ca/collections/Collection/C2-280-1-1995F.pdf</marc:subfield>
    </marc:datafield>
  </marc:record>
</marc:collection>
